000 00325 a2200157 4500
001 57177
020 _a8508057458
040 _cAnchieta - Pituba
100 _aBandeira, Pedro
240 1 0 _aProva de fogo
_lpor
245 1 0 _aProva de fogo
300 _a95
362 0 _a1996
650 4 _aLiteratura juvenil
942 _cBK
999 _c57177
_d57177